[Event "CHN-chT 6th"]
[Site "China"]
[Date "2010.07.26"]
[Round "9"]
[White "Zhang, Jilin"]
[Black "Guo, Jun"]
[Result "1/2-1/2"]
[WhiteElo "2281"]
[BlackElo "2251"]
[PlyCount "41"]
[EventDate "2010.04.16"]
[EventType "team-tourn"]
[EventRounds "18"]
[EventCountry "CHN"]
[SourceTitle "EXT 2011"]
[Source "ChessBase"]
[SourceDate "2010.11.26"]
[SourceVersion "1"]
[SourceVersionDate "2010.11.26"]
[SourceQuality "1"]

1. e4 c5 2. Nf3 e6 3. d4 cxd4 4. Nxd4 Nc6 5. Nc3 Nf6 6. Nxc6 bxc6 7. Bd3 e5 8. 0-0 Be7 9. b3 0-0 10. Bb2 d6 11. Na4 Re8 12. c4 Bf8 13. Re1 Bb7 14. Qc2 Nh5 15. g3 Qg5 16. Bc1 Qf6 17. Qe2 g6 18. Bb2 Qg5 19. Bc1 Qf6 20. Bb2 Qg5 21. Bc1 1/2-1/2

[Event "CHN-chT 4th"]
[Site "China"]
[Date "2008.04.24"]
[Round "6"]
[White "Ju, Wenjun"]
[Black "Guo, Jun"]
[Result "1-0"]
[WhiteElo "2360"]
[BlackElo "2269"]
[PlyCount "61"]
[EventDate "2008.12.??"]
[EventType "team-tourn"]
[EventRounds "18"]
[EventCountry "CHN"]
[SourceTitle "EXT 2017"]
[Source "ChessBase"]
[SourceDate "2016.10.25"]
[SourceVersion "1"]
[SourceVersionDate "2016.10.25"]
[SourceQuality "1"]

1. d4 d6 2. Nf3 Bg4 3. c4 Nd7 4. Qb3 Rb8 5. Be3 c6 6. Nc3 a6 7. g3 Ngf6 8. Bg2 Qc7 9. 0-0 e5 10. Rfd1 Be7 11. h3 Bh5 12. Nh4 Bg6 13. Nxg6 hxg6 14. dxe5 dxe5 15. Na4 0-0 16. c5 Rfd8 17. Qc3 Nh5 18. Nb6 f6 19. Qc4+ Kf8 20. Qg4 Nxb6 21. cxb6 Qc8 22. Qxg6 Rxd1+ 23. Rxd1 Qe8 24. Be4 Qf7 25. Qh7 f5 26. Qh8+ Qg8 27. Qxh5 fxe4 28. Qxe5 Re8 29. Rd7 Qxa2 30. Bc5 Bxc5 31. Qxg7# 1-0

[Event "CHN-chT 4th"]
[Site "China"]
[Date "2008.03.28"]
[Round "3"]
[White "Wang, Yu A"]
[Black "Guo, Jun"]
[Result "1-0"]
[WhiteElo "2381"]
[BlackElo "2269"]
[PlyCount "50"]
[EventDate "2008.12.??"]
[EventType "team-tourn"]
[EventRounds "18"]
[EventCountry "CHN"]
[SourceTitle "EXT 2017"]
[Source "ChessBase"]
[SourceDate "2016.10.25"]
[SourceVersion "1"]
[SourceVersionDate "2016.10.25"]
[SourceQuality "1"]

1. e4 c5 2. Nf3 e6 3. d4 cxd4 4. Nxd4 Nc6 5. Nc3 Nf6 6. Ndb5 d6 7. Bf4 e5 8. Bg5 a6 9. Na3 b5 10. Nd5 Be7 11. Nxe7 Nxe7 12. Bxf6 gxf6 13. c4 Bb7 14. Bd3 bxc4 15. Nxc4 d5 16. exd5 Qxd5 17. Qa4+ Bc6 18. Qa3 Qe6 19. Nd6+ Kd7 20. Ne4 Ke8 21. Bc4 Bd5 22. Bxd5 Nxd5 23. Rd1 Rd8 24. Qa5 Ke7 25. Qc5+ Ke8 1-0

[Event "CHN-chT 4th"]
[Site "China"]
[Date "2008.03.27"]
[Round "2"]
[White "Ruan, Lufei"]
[Black "Guo, Jun"]
[Result "1/2-1/2"]
[WhiteElo "2496"]
[BlackElo "2269"]
[PlyCount "64"]
[EventDate "2008.12.??"]
[EventType "team-tourn"]
[EventRounds "18"]
[EventCountry "CHN"]
[SourceTitle "EXT 2017"]
[Source "ChessBase"]
[SourceDate "2016.10.25"]
[SourceVersion "1"]
[SourceVersionDate "2016.10.25"]
[SourceQuality "1"]

1. e4 c5 2. Nf3 e6 3. d4 cxd4 4. Nxd4 Nc6 5. Nc3 Nf6 6. Ndb5 d6 7. Bf4 e5 8. Bg5 a6 9. Na3 b5 10. Bxf6 gxf6 11. Nd5 f5 12. g3 fxe4 13. Bg2 Bg7 14. Bxe4 Be6 15. c3 Rc8 16. Nc2 0-0 17. Ncb4 Nxb4 18. Nxb4 a5 19. Nd5 f5 20. Bg2 e4 21. 0-0 Rc5 22. Nf4 Bf7 23. Qd2 Qb6 24. Rfd1 b4 25. Rac1 bxc3 26. bxc3 d5 27. Qe3 Qc6 28. Bh3 Rxc3 29. Rxc3 Qxc3 30. Qxc3 Bxc3 31. Nxd5 Bxd5 32. Rxd5 f4 1/2-1/2

[Event "CHN-chT 3rd"]
[Site "China"]
[Date "2007.04.25"]
[Round "2"]
[White "Guo, Jun"]
[Black "Zhao, Xue"]
[Result "1/2-1/2"]
[WhiteElo "2291"]
[BlackElo "2467"]
[PlyCount "84"]
[EventDate "2007.04.??"]
[EventType "team-tourn"]
[EventRounds "18"]
[EventCountry "CHN"]
[SourceTitle "EXT 2017"]
[Source "ChessBase"]
[SourceDate "2016.10.25"]
[SourceVersion "1"]
[SourceVersionDate "2016.10.25"]
[SourceQuality "1"]

1. e4 c5 2. Nc3 a6 3. f4 b5 4. Nf3 Bb7 5. d3 e6 6. Qe2 Nc6 7. g3 Nd4 8. Qf2 Nxf3+ 9. Qxf3 Ne7 10. Bg2 Nc6 11. 0-0 Be7 12. Be3 Rc8 13. Qf2 d6 14. e5 dxe5 15. fxe5 0-0 16. Rae1 Ba8 17. Bf4 Qd4 18. h4 Qxf2+ 19. Rxf2 c4 20. dxc4 Bc5 21. Be3 Nxe5 22. Bxc5 Rxc5 23. cxb5 axb5 24. a4 b4 25. Ne4 Rc7 26. b3 Rd8 27. Ng5 Ng4 28. Rfe2 Bxg2 29. Kxg2 Nf6 30. Nf3 Rdc8 31. Nd4 Ng4 32. a5 h5 33. Ra1 e5 34. Nb5 Rxc2 35. Rxc2 Rxc2+ 36. Kg1 Nh2 37. a6 Nf3+ 38. Kf1 Rh2 39. Ra4 Rd2 40. a7 Nh2+ 41. Ke1 Nf3+ 42. Kf1 Nh2+ 1/2-1/2

[Event "CHN-chT 2nd"]
[Site "China"]
[Date "2006.04.05"]
[Round "2"]
[White "Hou, Yifan"]
[Black "Guo, Jun"]
[Result "1-0"]
[WhiteElo "2298"]
[BlackElo "2291"]
[PlyCount "77"]
[EventDate "2006.04.04"]
[EventType "team-tourn"]
[EventRounds "18"]
[EventCountry "CHN"]
[SourceTitle "EXT 2017"]
[Source "ChessBase"]
[SourceDate "2016.10.25"]
[SourceVersion "1"]
[SourceVersionDate "2016.10.25"]
[SourceQuality "1"]
[WhiteTeam "Shandong"]
[BlackTeam "Wuxi Huafang Construction"]
[WhiteTeamCountry "CHN"]
[BlackTeamCountry "CHN"]

1. e4 c5 2. Nf3 e6 3. d4 cxd4 4. Nxd4 Nc6 5. Nc3 Nf6 6. Nxc6 bxc6 7. e5 Nd5 8. Ne4 Qc7 9. f4 Qb6 10. c4 Bb4+ 11. Ke2 Ba6 12. Kf3 f5 13. Nf2 Ne7 14. Be3 Bc5 15. Bxc5 Qxc5 16. Qd6 Qb6 17. b3 c5 18. Kg3 Bb7 19. Be2 Kf7 20. Rhd1 Rhd8 21. Qd2 Rac8 22. Qe3 Nc6 23. Rd6 Qa5 24. Bf3 Rc7 25. Nd3 Nb4 26. Bxb7 Nxd3 27. Bd5 Nxf4 28. Kxf4 exd5 29. Rxd5 Qb6 30. Rd6 Rc6 31. Rad1 Rxd6 32. Rxd6 Qc7 33. Rd5 Rc8 34. Qd3 Ke7 35. Rd6 g6 36. Qh3 Rh8 37. Qh6 Kf7 38. Rf6+ Ke8 39. Qg7 1-0

[Event "CHN-chT 2nd"]
[Site "China"]
[Date "2006.04.04"]
[Round "1"]
[White "Gu, Xiaobing"]
[Black "Guo, Jun"]
[Result "1/2-1/2"]
[WhiteElo "2371"]
[BlackElo "2291"]
[PlyCount "112"]
[EventDate "2006.04.04"]
[EventType "team-tourn"]
[EventRounds "18"]
[EventCountry "CHN"]
[SourceTitle "EXT 2017"]
[Source "ChessBase"]
[SourceDate "2016.10.25"]
[SourceVersion "1"]
[SourceVersionDate "2016.10.25"]
[SourceQuality "1"]
[WhiteTeam "Jiangsu"]
[BlackTeam "Wuxi Huafang Construction"]
[WhiteTeamCountry "CHN"]
[BlackTeamCountry "CHN"]

1. c4 e6 2. Nc3 d5 3. d4 Nf6 4. Nf3 Nbd7 5. cxd5 exd5 6. Bg5 Be7 7. e3 0-0 8. Bd3 c6 9. 0-0 Re8 10. Rc1 Nf8 11. Ne5 N6d7 12. Bf4 Nxe5 13. Bxe5 Bd6 14. Bxd6 Qxd6 15. Qa4 Re6 16. Rce1 Rh6 17. f4 Qf6 18. Qc2 Ng6 19. f5 Ne7 20. Rf3 Rxh2 21. Kxh2 Qh4+ 22. Rh3 Qxe1 23. Rg3 g6 24. f6 Nf5 25. Bxf5 Bxf5 26. Qb3 b5 27. Qb4 h5 28. Nxd5 Qxb4 29. Nxb4 Be4 30. Na6 Kh7 31. Nc5 Re8 32. Kg1 Kh6 33. Kf2 g5 34. Rh3 Kg6 35. Rh1 h4 36. Rc1 Kxf6 37. Nxe4+ Rxe4 38. Rxc6+ Re6 39. Rc5 Ra6 40. a3 b4 41. axb4 Ra2 42. Rc2 Ra4 43. Rc6+ Kf5 44. Rc5+ Kf6 45. Rb5 Ra2 46. Kf3 Rxb2 47. Rb7 Ke6 48. Rxa7 Rxb4 49. Ra6+ Ke7 50. Kg4 Rb3 51. Kxg5 Rxe3 52. Kxh4 Re4+ 53. Kh5 Rxd4 54. g4 Rd5+ 55. g5 Rd1 56. Rh6 Rd6 1/2-1/2

[Event "CHN-chT final-B 1st"]
[Site "China"]
[Date "2005.09.12"]
[Round "1"]
[White "Guo, Jun"]
[Black "Li, Ruofan"]
[Result "0-1"]
[WhiteElo "2291"]
[BlackElo "2411"]
[PlyCount "86"]
[EventDate "2005.11.??"]
[EventType "team-tourn"]
[EventRounds "5"]
[EventCountry "CHN"]
[SourceTitle "EXT 2017"]
[Source "ChessBase"]
[SourceDate "2016.10.25"]
[SourceVersion "1"]
[SourceVersionDate "2016.10.25"]
[SourceQuality "1"]

1. e4 c5 2. Nf3 e6 3. d4 cxd4 4. Nxd4 a6 5. Nc3 b5 6. Be2 Bb7 7. Bf3 d6 8. e5 d5 9. Bh5 g6 10. Bg4 h5 11. Be2 Qc7 12. f4 Ne7 13. Be3 Nec6 14. 0-0 Nxd4 15. Qxd4 Nc6 16. Qb6 Rc8 17. Qxc7 Rxc7 18. Bb6 Rc8 19. Bf3 g5 20. g3 h4 21. a3 hxg3 22. hxg3 gxf4 23. gxf4 Ne7 24. Rac1 Kd7 25. Ne2 Ng6 26. Kf2 Rc4 27. Be3 Be7 28. Ke1 Rh4 29. Kd2 Rh3 30. Bg4 Rh2 31. c3 Nxe5 32. b3 Re4 33. Bf3 Nxf3+ 34. Rxf3 Bxa3 35. Rcf1 b4 36. Kd3 a5 37. c4 f5 38. Ng3 Ba6 39. Bd4 Bb2 40. Bxb2 Rxb2 41. Nxe4 fxe4+ 42. Kd4 exf3 43. Rxf3 dxc4 0-1

[Event "CHN-chT (Women)"]
[Site "Suzhou"]
[Date "2001.04.03"]
[Round "8"]
[White "Ning, Chunhong"]
[Black "Guo, Jun"]
[Result "0-1"]
[WhiteElo "2287"]
[BlackElo "2268"]
[PlyCount "68"]
[EventDate "2001.03.02"]
[EventType "team"]
[EventRounds "10"]
[EventCountry "CHN"]
[SourceTitle "EXT 2002"]
[Source "ChessBase"]
[SourceDate "2001.11.25"]
[SourceVersion "1"]
[SourceVersionDate "2001.11.25"]
[SourceQuality "1"]

1. e4 c5 2. Nf3 e6 3. b3 Nc6 4. Bb2 Nf6 5. e5 Nd5 6. Bb5 Be7 7. 0-0 0-0 8. Nc3 f6 9. Bxc6 bxc6 10. Ne4 fxe5 11. Nxe5 Qc7 12. Nd3 d6 13. f4 Nf6 14. Ng3 c4 15. bxc4 Ba6 16. c5 dxc5 17. Qe2 c4 18. Qxe6+ Kh8 19. Be5 Qb6+ 20. Nf2 Bc5 21. Bd6 Bxf2+ 22. Rxf2 Rfe8 23. Qh3 Bc8 24. f5 Qd4 25. Bf8 Qxa1+ 26. Nf1 Rxf8 27. g4 Qd4 28. Ne3 c3 29. dxc3 Qxc3 30. Rf3 Qa1+ 31. Kg2 Ne4 32. Qh4 Qf6 33. Qe1 Ng5 34. Rg3 c5 0-1